Fast Typing A To Z - Eyes Closed Only! - Statistics

General Stats
  • This quiz has been taken 145 times
  • The average score is 24 of 26
Answer Stats
Letter % Correct
A
100%
B
98%
C
97%
D
97%
E
97%
F
95%
G
94%
H
94%
I
94%
J
94%
K
94%
L
94%
M
92%
N
92%
O
91%
P
91%
Q
91%
R
91%
S
91%
T
91%
U
91%
V
90%
W
90%
X
90%
Y
88%
Z
88%
No matching quizzes found
Score Distribution
Percent of People with Each Score
Percentile by Number Answered
Your Score History
You have not taken this quiz